Socialismo, democracia y el imperativo territorial: elementos para una comparación de las experiencias cubana y nicaragüense /
Tallennettuna:
| Päätekijä: | |
|---|---|
| Aineistotyyppi: | Teksti |
| Kieli: | Spanish |
| Aiheet: | |
| Tagit: |
Lisää tagi
Ei tageja, Lisää ensimmäinen tagi!
|
MARC
| LEADER | 00000 a a2200000 04500 | ||
|---|---|---|---|
| 001 | 7847 | ||
| 003 | cru CRAI/IIS | ||
| 005 | 20210519133152.0 | ||
| 008 | 210519b |||||||| |||| 00| 0 spa d | ||
| 040 | |c cru CRAI/IIS | ||
| 100 | 1 | |a Slater, David | |
| 245 | 1 | |a Socialismo, democracia y el imperativo territorial: elementos para una comparación de las experiencias cubana y nicaragüense / |c David Slater | |
| 500 | |a Colección Centroamérica | ||
| 650 | |a DEMOCRACIA | ||
| 650 | |a SOCIALISMO | ||
| 650 | |a SOCIEDAD | ||
| 650 | |a CAPITALISMO | ||
| 650 | |a PODER POLITICO | ||
| 650 | |a DESCENTRALIZACION | ||
| 650 | |a TIERRA | ||
| 650 | |a ESTADO | ||
| 650 | |a PARTIDOS POLITICOS | ||
| 650 | |a POLITICA | ||
| 650 | |a ANALISIS HISTORICO | ||
| 650 | |a ESTUDIOS DE CASO | ||
| 650 | |a NICARAGUA | ||
| 650 | |a CUBA | ||
| 773 | |g número 44; páginas 20-40 | ||
| 942 | |2 ddc |c PP | ||
| 999 | |c 30948 |d 30948 | ||
| 773 | 0 | |0 18875 |9 5303 |a Universidad de Costa Rica. |d San José, Costa Rica: Universidad de Costa Rica. Consejo Superior Universitario Centroamericano, 1972- |o 14344 |t Estudios Sociales Centroamericanos / |x 03039676 | |
